The ecology of plants (Record no. 40714)

MARC details
000 -LEADER
fixed length control field 00562nam a2200145 a 4500
008 - FIXED-LENGTH DATA ELEMENTS--GENERAL INFORMATION
fixed length control field 210208s2002 ||||||||||||||||| || u
020 ## - INTERNATIONAL STANDARD BOOK NUMBER
International Standard Book Number 9780878932917
050 ## - LIBRARY OF CONGRESS CALL NUMBER
Classification number QK 901 Gur
100 ## - MAIN ENTRY--PERSONAL NAME
Personal name Gurevitch, Jessica
245 14 - TITLE STATEMENT
Title The ecology of plants
Statement of responsibility, etc. By Jessica Gurevitch
260 ## - PUBLICATION, DISTRIBUTION, ETC.
Place of publication, distribution, etc. Sunderland
Name of publisher, distributor, etc. Sinauer Associates, Inc
Date of publication, distribution, etc. 2002
300 ## - PHYSICAL DESCRIPTION
Extent xvi, 523 pages : illustrations
650 #0 - SUBJECT ADDED ENTRY--TOPICAL TERM
Topical term or geographic name entry element PLANT ECOLOGY
995 ## - RECOMMENDATION 995 [LOCAL, UNIMARC FRANCE]
-- 52.34
-- CBU-MAIN LIBRARY (Kitwe)
-- 1
-- AVAILABLE
-- Feb 15, 2021
-- Main Library Open Access Collection
Holdings
Withdrawn status Lost status Source of classification or shelving scheme Damaged status Not for loan Home library Current library Shelving location Date acquired Total Checkouts Full call number Barcode Date last seen Price effective from Koha item type
          CBU-MAIN LIBRARY, KITWE. CBU-MAIN LIBRARY, KITWE.   11/30/2022   QK 901 Gur 750704 11/30/2022 11/30/2022 MONOGRAPH